Quiz Cultura Generale - Quiz n°42 - Statistics

Statistiche generali
  • Questo quiz è stato fatto 225 volte
  • Il punteggio medio è 6 su 15
Statistiche sulle risposte
Domanda Risposta % Corretto
In quali città si trovavano i "Giardini pensili", una delle Sette meraviglie del mondo antico? Babilonia
80%
Secondo la Bibbia, chi era il figlio di Abramo chiesto in sacrificio in nome di Dio? Isacco
80%
Come viene chiamato un amante del cinema e di tutto ciò che riguarda la cinematografia? Cinefilo
63%
Quale scuderia ha vinto il Campionato del Mondo costruttori di Formula 1 nel 2022? Red Bull Racing
62%
Qual è la città con più abitanti dell'Unione Europea? Berlino
54%
Qual è la ghiandola più grande del corpo umano? Fegato
45%
Chi ha fatto erigere la Domus Aurea di Roma? Nerone
44%
Qual è il bioma proprio delle regioni subpolari, e che occupa zone dell'emisfero dove la temperatura media annuale è inferiore allo zero? Tundra
37%
Quale catena montuosa attraversa la Romania? Carpazi
33%
Qual è la massima competizione mondiale a squadre nazionali del tennis maschile? Coppa Davis
33%
Chi ha diretto il film "Borotalco" del 1982? Carlo Verdone
24%
Come si chiamano gli abitanti di Caltanissetta? Nisseni
20%
Quale personaggio del mondo Disney vive sulle pendici del Vesuvio? Amelia
18%
Qual è stato il primo film diretto da Leonardo Pieraccioni? I laureati
14%
Quale stato arabo si rese indipendente dal Regno Unito nel 1961? Kuwait
8%
Nessun quiz corrispondente trovato
Distribuzione punteggi
Percentuale di utenti per punteggio
Percentile per numero di risposta
I tuoi punteggi nel tempo
Non hai fatto questo quiz